| 000 | 01789cam a2200301 4500500 | ||
|---|---|---|---|
| 005 | 20260322012312.0 | ||
| 041 | _afre | ||
| 042 | _adc | ||
| 100 | 1 | 0 |
_aGrosbois, Muriel _eauthor |
| 700 | 1 | 0 |
_aZoghlami, Naouel _eauthor |
| 245 | 0 | 0 | _aMultimodalité dans la communication pour l’agir professionnel : repérage et analyse |
| 260 | _c2026. | ||
| 500 | _a61 | ||
| 520 | _aPendant la guerre froide, l’opposition entre Moscou et Washington n’a pas empêché un succès majeur de la coopération globale dans le domaine de la santé : l’éradication de la variole. Les tensions géopolitiques actuelles ne doivent pas faire dévier les responsables politiques d’un objectif qui paraît utopique à l’heure du retrait américain de l’Organisation mondiale de la santé : l’élimination, voire l’éradication, d’autres maladies.politique étrangère | ||
| 520 | _aDuring the Cold War, the hostility between Moscow and Washington did not prevent a major success for global health cooperation: the eradication of smallpox. Current geopolitical tensions must not divert political leaders from a goal that seems utopian following the United States’ withdrawal from the World Health Organization: the elimination, or even eradication, of other diseases. | ||
| 690 | _acompétences communicationnelles | ||
| 690 | _aformation tout au long de la vie | ||
| 690 | _alangage | ||
| 690 | _amultimodalité | ||
| 690 | _aprofessionnalisation | ||
| 690 | _acommunicative competence | ||
| 690 | _alanguage | ||
| 690 | _alifelong learning | ||
| 690 | _amultimodality | ||
| 690 | _aprofessionalization | ||
| 786 | 0 | _nPhronesis | 15 | 1 | 2026-01-04 | p. 13-17 | |
| 856 | 4 | 1 | _uhttps://shs.cairn.info/revue-phronesis-2026-1-page-13?lang=fr&redirect-ssocas=7080 |
| 999 |
_c1771587 _d1771587 |
||